Statistics for Social Media Logos

Click here to take the quiz!

General Stats

  • This quiz has been taken 106 times
    (19 since last reset)
  • The average score is 10 of 12

Answer Stats

Answer% Correct
Facebook
100%
Instagram
100%
TikTok
100%
YouTube
100%
Snapchat
94%
WhatsApp
88%
X
88%
Pinterest
82%
Reddit
82%
LinkedIn
76%
Discord
71%
Telegram
65%

Score Distribution

Percentile by Number Answered

Percent of People with Each Score

Your Score History

You have not taken this quiz since the last reset